| 000 | 00794nas a2200253 4500 | ||
|---|---|---|---|
| 001 | BR0304883 | ||
| 003 | BR-BrBNA | ||
| 005 | 20231205104117.0 | ||
| 007 | ta | ||
| 008 | 230509b bl.|||p| |||| 00| 00por d | ||
| 040 |
_aBR-BrBNA _bpor _cBiblioteca Nacional de Agricultura |
||
| 041 | _a(Pt) | ||
| 072 | _aE71 | ||
| 100 | 1 | _aOsse, J.S. | |
| 245 | 1 | _aMeia-trava. Novo sistema de cotas prejudicou a participação do Brasil no mercado russo, o segundo maior do planeta | |
| 650 | _aFRANGO | ||
| 650 | _aCOMÉRCIO EXTERIOR | ||
| 650 | _aBALANÇA COMERCIAL | ||
| 650 | _aMERCADO INTERNACIONAL | ||
| 650 | _aCOTAÇÃO | ||
| 773 | 0 |
_tAgroanalysis (Brazil) _xISSN 0100-4298 _g(Jul-Aug 2003), v. 23(5) p. 18-21 _wBR0304883 |
|
| 909 |
_a202311 _bLúcia _c55 _dLúcia Elande |
||
| 942 |
_2AGRIS _n0 _cANA |
||
| 999 |
_c176422 _d176422 |
||